| 000 | 00410nam a2200145Ia 4500 | ||
|---|---|---|---|
| 999 |
_c2740 _d2740 |
||
| 020 | _a0 7136 6274 3 | ||
| 082 | _aRR 920.02 WHO- | ||
| 245 | 0 | _aWho's who 2003: an annual biographical dictionary | |
| 260 |
_aLondon _bA & C Black _c2003 |
||
| 300 | _a2413p. | ||
| 504 | _aOne hundred and fifty-fifth year of issue | ||
| 650 | _aCelebrities - Biography | ||
| 650 | _aBiography - Dictionaries - 2003 | ||
| 942 | _cBK | ||